Extreme eigen values of toeplitz operators

Guardado en:
Detalles Bibliográficos
Autores principales: Hirschman, Isidore Isaac (Autor), Hughes, Daniel E (Autor)
Formato: Libro
Lenguaje:inglés
Publicado: Berlín Springer-Verlag 1977
Colección:Lecture Notes in Mathematics, 618
Materias:
Etiquetas: Agregar Etiqueta
Sin Etiquetas, Sea el primero en etiquetar este registro!

MARC

LEADER 00000nam a2200000 a 4500
001 UCP3042
003 CL-VaPUC
008 990604e19770000GW |||||||||||||||||eng|d
082 0 4 |a 512.9434  |b HIR  |2 21 
100 |a Hirschman, Isidore Isaac  |e author  |9 424183 
700 0 |a Hughes, Daniel E  |e author  |9 430123 
245 1 0 |a Extreme eigen values of toeplitz operators 
300 |a 145 p 
942 |c BK 
945 |d 19990604 00:00:00  |a crobeson 
260 |a Berlín  |b Springer-Verlag  |c 1977 
650 0 |a Matrices   |9 22 
650 0 |a Series de Fourier  |9 260465 
650 0 |a Transformada de Fourier  |9 425331 
583 |a last modification  |c 19990604 00:00:00  |k Rodrigo Vera 
490 0 |a Lecture Notes in Mathematics, 618 
999 |c 281484  |d 281482 
952 |0 0  |1 0  |4 0  |6 512_943400000000000_HIR_1977  |7 0  |8 A  |9 322238  |a BIBMAT  |b BIBMAT  |d 2019-11-20  |i 1347632  |o 512.9434 HIR 1977  |p 1347632  |r 2025-01-07  |w 2019-11-20  |y BK  |k MAT